| 000 | 00375 a2200169 4500 | ||
|---|---|---|---|
| 001 | 187337 | ||
| 020 | _a978-85-249-1274-0 | ||
| 040 | _cMagnum | ||
| 100 | _aSousa, Sérgio Augusto Dâmaso de | ||
| 240 | 1 | 0 |
_aBelo Horizonte _lpor |
| 245 | 1 | 0 | _aBelo Horizonte |
| 300 | _a23 | ||
| 362 | 0 | _a2007 | |
| 440 | 1 | _aCortez | |
| 697 | _aLITERATURA INFANTO-JUVENIL | ||
| 942 | _cBK | ||
| 999 |
_c187337 _d187337 |
||